Estudio de prefactibilidad técnico-económico para una planta de refinación de aceite de palma y de producción de manteca

Kaydedildi:
Detaylı Bibliyografya
Yazar: Zúñiga Loría, Iria
Materyal Türü: Kitap
Baskı/Yayın Bilgisi: San José, C.R. 2000
Konular:
Etiketler: Etiketle
Etiket eklenmemiş, İlk siz ekleyin!

MARC

LEADER 00000nam a2200000Ia 4500
003 008506
005 20221231144209.0
008 140114s2000 cr a m 000 ||s d
040 |c cru CEDI 
090 |a TFG 4154 
100 |a Zúñiga Loría, Iria   |9 8230 
245 |a Estudio de prefactibilidad técnico-económico para una planta de refinación de aceite de palma y de producción de manteca  
260 |c 2000  |a  San José, C.R. 
300 |a xi, 139 hojas : ilustraciones  
500 |a  Tesis (licenciatura en ingeniería química)--Universidad de Costa Rica. Facultad de Ingeniería. Escuela de Ingeniería Química 
650 |x ACEITE DE PALMA   |x ACEITES Y GRASAS COMESTIBLES   |x CONTROL DE PROCESOS   |x CONTROL DE COSTOS  |9 8231 
942 |c TFG 
999 |c 18308  |d 18308